000 00507nam a2200181Ia 4500
008 090124s9999 xx 000 0 und d
082 _b130629
100 _aकापसे राम
245 _a जनसंघ ते भाजपा
250 _a1
260 _c2001
300 _a272
600 _aकापसे राम
630 _a जनसंघ ते भाजपा
700 _aकापसे राम
730 _a जनसंघ ते भाजपा
942 _cBOOK
999 _c176718
_d176718